Out of Each Group Quiz Stats

 Plays Quiz Updated Sep 3, 2018

Score 0/15 Timer 03:00
1 Play Today
Question Answer Wrong Answers
JUST FOR FUN - Of the colors listed, which is the one that is NOT a visible color on a rainbow? Brown
92.1%
Indigo
1.2%
Red
0.3%
Yellow
0.6%
MUSIC - Of the men listed, which one is NOT considered to be one of the '3 B's' of Classical Music? Hector Berlioz
88.6%
Johannes Brahms
6.9%
Ludwig van Beethoven
1%
Johann Sebastian Bach
1.1%
HOLIDAY - Which of these materials is NOT used for traditional wedding anniversaries? Brick
86.8%
Gold
1.4%
Lace
3.2%
Ivory
7.3%
LITERATURE - Of the novels listed, which one does NOT have a Dystopian setting? To Kill a Mockingbird
83.4%
The Hunger Games
3.1%
Nineteen Eighty-Four
4.3%
Brave New World
4.6%
SPORTS - Which of these nations has NEVER won the FIFA World Cup in football (soccer)? Hungary
82.5%
Spain
1.9%
Uruguay
11.2%
Argentina
2.7%
RELIGION - Of the four ancient civilizations' gods listed, which one is NOT from Greek mythology? Mars
71.3%
Poseidon
7.4%
Dionysus
12.8%
Hera
6.2%
HISTORY - Which President of the United States of America was NOT assassinated while in office? Zachary Taylor
66%
James Garfield
15.5%
John F. Kennedy
2%
William McKinley
13.5%
SCIENCE - Which of these Solar System planets is NOT
a terrestrial planet?
Jupiter
65.2%
Mars
5.7%
Venus
13.5%
Mercury
13.9%
GEOGRAPHY - Which of these island nations is NOT in the
Pacific ocean?
Seychelles
64.6%
Solomon Islands
8.1%
Kiribati
12.9%
Vanuatu
11%
TELEVISION - Of the shows listed, the one that has NEVER won Emmy for Outstanding Drama Series? Dexter
61.7%
Lost
23.7%
Game of Thrones
7.9%
Breaking Bad
4.1%
LANGUAGE - Of the languages listed, which does NOT use the Cyrillic alphabet? Polish
54.5%
Bulgarian
15.1%
Russian
11.7%
Serbian
13.3%
MISCELLANEOUS - Of the carbonated beverages listed, which one is NOT produced by the Coca-Cola Company? Mug Root Beer
40.7%
Sprite
8.3%
Pibb Xtra
27.7%
Mello Yello
19.4%
MOVIES - Of these Tom Hanks films, which one did NOT earn him a nomination for Best Actor? Charlie Wilson's War
36.8%
Big
48.7%
Cast Away
6.4%
Saving Private Ryan
4.4%
ENTERTAINMENT - Which of these celebrity persons was NOT featured on the cover of Time magazine? Kim Kardashian
33.1%
Adele
18.3%
Taylor Swift
9.3%
Jay Leno
30.6%
GAMING - Which of these video game consoles is not part of the sixth generation of consoles? Sony Playstation
22.7%
Sega Dreamcast
31.3%
Microsoft Xbox
18.9%
Nintendo Gamecube
20.1%

You're not logged in!

Compare scores with friends on all Sporcle quizzes.
OR
Log In

Sporcle TV

Today on Sporcle TV


Watch our educational content, quiz creation guides, and fun videos on Sporcle TV.

Show Comments

Extras

Top Quizzes Today


Score Distribution

Your Account Isn't Verified!

In order to create a playlist on Sporcle, you need to verify the email address you used during registration. Go to your Sporcle Settings to finish the process.

Report this User

Report this user for behavior that violates our Community Guidelines.

Details: